000 00557nam a2200193 4500
001 126800
003 ES-MaACL
005 20251011063131.0
007 t|
008 070214s1971 sp r ||||1| cat d
100 1 _aRiba, Carles,
_d1893-1959
_996698
245 1 0 _aVersions de Hölderlin /
_cCarles Riba ; prefaci de Gabriel Ferrater.
250 _a1ª ed.
260 _aBarcelona :
_bEd. 62,
_c1971.
300 _a67 p. ;
_c18 cm.
700 1 _aFerrater, Gabriel.
_950337
852 _aES-MaACL
_jC-45506
_bR.83577
999 _c126800
_d126800